| 000 | 00434nam a22001577a 4500 | ||
|---|---|---|---|
| 005 | 20241221103652.0 | ||
| 008 | 241221b ||||| |||| 00| 0 eng d | ||
| 040 | _cAL | ||
| 041 | _aEnglish | ||
| 082 |
_223 _a348.04 _b EASS |
||
| 100 |
_a Eastern Book Company _9191790 |
||
| 245 | _aSupreme Court Cases 2006: Vol 4 | ||
| 260 |
_aLucknow _bEastern Book Company |
||
| 650 |
_aMode of Citation (2006) 4 SCC _9191791 |
||
| 942 |
_2ddc _cBI |
||
| 999 |
_c233312 _d233312 |
||